000 01102nam0a22002891 4500
001 v19\rc\1893602
005 20251118180414.9
035 _a(NLR Aleph) 004980449
090 _a6179476
_c6179476
100 _a20080221d1911 |||y0rusy50 ca
101 1 _arus
_cger
102 _aRU
105 _ay z |||||
200 1 _aПолное практическое руководство для воспитания здорового ребенка
_eКн. практ. советов для родителей, воспитателей и преп.
_fСоч. Франца Видемана
_gПер. с 10-го нем. изд., под ред. прив.-доц. Киев. ун-та А.Н. Грена
210 _aМосква
_cНадежда
_d[1911]
215 _a320 с.
_d22
700 1 _aВидеман
_bФ.
_gФранц
702 1 _aГрен
_bА. Н.
_4730
801 0 _aRU
_bNLR
_gpsbo
801 0 _aRU
_bRuMoRGB
_2psbo
801 1 _aRU
_bProSoft-M
_2rusmarc
852 _aNLR
_j37.30.5.4
899 _aRuMoRGB
_jU 383/213
899 _aRuMoRGB
_jU 85/202
899 _aБАН
942 _cBOOK
980 _aNB